000 00373nam a2200181Ia 4500
100 _aKrishnamurthy/N
650 _aChemistry
250 _a3
942 _cBK
366 _f25
654 _achemistry
245 _aEngineering Chemistry
260 _bPrentice -Hall of India
_c2014
082 _bKRI
300 _a372
546 _aENGLISH
_cComputers
999 _c22366
_d22366